| 000 | 00459nam a2200181Ia 4500 | ||
|---|---|---|---|
| 003 | SGT | ||
| 020 | _a9780074601341 | ||
| 082 |
_a536 _bGAR |
||
| 100 | _aGarg,S.C | ||
| 245 | _aThermal physics | ||
| 260 |
_bTata McGraw Hill Education Private Limited _aNew Delhi _c1993 |
||
| 300 | _a396p. | ||
| 650 | _aPHYSICS | ||
| 653 | _aELEMENTARY KINETIC THEORY OF GASES AND MAXWELLIAN DISTRIBUTION | ||
| 700 | _aBansal,R.M | ||
| 700 | _aGhosh,C.K | ||
| 942 |
_2ddc _cBK |
||
| 999 |
_c5357 _d5357 |
||